Normal view
MARC view
Entry Topical Term
001 - CONTROL NUMBER
- control field: 54860
003 - CONTROL NUMBER IDENTIFIER
- control field: OSt
005 - DATE AND TIME OF LATEST TRANSACTION
- control field: 20250630143322.0
008 - FIXED-LENGTH DATA ELEMENTS
- fixed length control field: 250630|| aca||aabn | a|a d
040 ## - CATALOGING SOURCE
- Original cataloging agency: OSt
- Transcribing agency: OSt
150 ## - HEADING--TOPICAL TERM
- Topical term or geographic name entry element: : gender justice, rights, transgender, LGBT, exclusion, Law, India
670 ## - SOURCE DATA FOUND
- Source citation: Work cat.: (OSt): Gupta, Ayesha 54859, Gender justice beyond binaries: a critical analysis of the protective laws in India
